Personnel administration : a point of view and a method

Αποθηκεύτηκε σε:
Λεπτομέρειες βιβλιογραφικής εγγραφής
Κύριος συγγραφέας: Pigors, Paul, 1900-1994
Άλλοι συγγραφείς: Myers, Charles A. (Charles Andrew), 1913-2000
Μορφή: Βιβλίο
Γλώσσα:English
Δημοσίευση: Tokyo : McGraw-Hill, c1973
Έκδοση:7th ed.
Θέματα:
Ετικέτες: Προσθήκη ετικέτας
Δεν υπάρχουν, Καταχωρήστε ετικέτα πρώτοι!

MARC

LEADER 00000cam a2200000 i 4500
001 1/37544
008 061112s1973 eng d
020 |a 0-07-050010-X 
035 |l 10086116 
040 |a GR-MY-UA  |b gre  |e aacr 
041 0 |a eng 
082 0 |a 658.3  |2 (22) 
100 1 |a Pigors, Paul,   |d 1900-1994. 
245 1 0 |a Personnel administration :  |b a point of view and a method /  |c Paul Pigors, Charles A. Myers 
250 |a 7th ed. 
260 |a Tokyo :   |b McGraw-Hill,   |c c1973 
300 |a ix, 588 σ.;  |b διαγρ., πίν.;  |c 24 εκ. 
504 |a Περιλαμβάνει βιβλιογραφία και ευρετήριο 
650 0 0 |a Personnel management. 
700 1 |a Myers, Charles A.   |q (Charles Andrew),   |d 1913-2000. 
852 |a INST  |b CHIOS  |e 20061112  |h 658.3 PIG  |p 005200026750  |q 005200026750  |t BK  |y 0 
901 |a BIBL2-2006-3 
970 |a ΒΑΣΙΛΑΚΗ  |b ΝΙΚΗ  |z 2006/11/12